| 000 | 00756nam a22002177a 4500 | ||
|---|---|---|---|
| 999 |
_c15878 _d15878 |
||
| 003 | AR-CdUCM | ||
| 008 | 190430b ||||| |||| 00| 0 spa d | ||
| 040 |
_aMUNICIPALIDAD PROVINCIAL DEL CUSCO _cBIBLIOTECA MUNICIPAL DEL CUSCO |
||
| 082 |
_a985.7 / _bD34 |
||
| 100 |
_aDelboy, Emilio _935072 |
||
| 245 | _aMemorandum sobre la selva del Perú / | ||
| 260 |
_aLima : _bSanmartí y Cía _c1942. |
||
| 300 |
_a85 paginas ; _bIlustraciones, _c22 cm. |
||
| 505 | _aContenido :La selva del Perú, es es un everno de monstruosidades o un calidoscopio de maravillas / | ||
| 650 |
_aAmazonía _93433 |
||
| 650 |
_aLoreto _93474 |
||
| 650 |
_aMadre de Dios _91067 |
||
| 650 |
_aCondiciones económicas _91989 |
||
| 942 |
_2ddc _cLIBROS |
||
| 945 |
_arjall _d2019-04-30 |
||